Library Catalogue
St. Thomas' College (Autonomous),Thrissur

Oxford advanced learner's dictionary of current english (Record no. 90802)

MARC details
000 -LEADER
fixed length control field 00566nam a2200217Ia 4500
003 - CONTROL NUMBER IDENTIFIER
control field STCL
008 - FIXED-LENGTH DATA ELEMENTS--GENERAL INFORMATION
fixed length control field 230729s9999 xx 000 0 und d
020 ## - INTERNATIONAL STANDARD BOOK NUMBER
International Standard Book Number 9780194799119
040 ## - CATALOGING SOURCE
Original cataloging agency STCL
Transcribing agency STCL
Language of cataloging EN
082 ## - DEWEY DECIMAL CLASSIFICATION NUMBER
Edition number 22
100 ## - MAIN ENTRY--PERSONAL NAME
Personal name Hornby, A S
245 #0 - TITLE STATEMENT
Title Oxford advanced learner's dictionary of current english
246 ## - VARYING FORM OF TITLE
Title proper/short title Oxford advanced learners dictionary of current english
250 ## - EDITION STATEMENT
Edition statement 8
260 ## - PUBLICATION, DISTRIBUTION, ETC. (IMPRINT)
Name of publisher, distributor, etc. Oxford University Press
Place of publication, distribution, etc. Oxford
Date of publication, distribution, etc. 2015
300 ## - PHYSICAL DESCRIPTION
Extent 1796 p
300 ## - PHYSICAL DESCRIPTION
Accompanying material CD-ROM
365 ## - TRADE PRICE
Price amount 765
546 ## - LANGUAGE NOTE
Language note English
942 ## - ADDED ENTRY ELEMENTS (KOHA)
Source of classification or shelving scheme
Edition
Koha item type Book
Holdings
Withdrawn status Lost status Source of classification or shelving scheme Damaged status Not for loan Home library Current library Shelving location Date acquired Total Checkouts Full call number Barcode Date last seen Price effective from Koha item type
          Santhome Athenaeum Santhome Athenaeum General Stacks 29/07/2023   423 HOR-O J01494 29/07/2023 29/07/2023 Book
The Librarian
St. Thomas' College (Autonomous),
Thrissur - 680 001, Kerala, INDIA


Phone: +91 487 2420435    Ext: 1006   |    E-mail: stctlib@gmail.com    |    Web: http://stthomas.ac.in